000 00909nas a2200301 4500
001 BR2012007929
003 BR-BrBNA
005 20231205121338.0
007 ta
008 230509b bl.|||p| |||| 00| 00por d
040 _aBR-BrBNA
_bpor
_cBiblioteca Nacional de Agricultura
041 _a(Pt)
072 _aF50
100 1 _aAlves, R.C.
100 1 _aOliveira, J.T. da S.
100 1 _aMotta, J.P.
100 1 _aPaes, J.B.
245 1 _aCaracterização anatômica macroscópica de madeiras folhosas comercializadas no estado do Espírito Santo
650 _aMADEIRA
650 _aANATOMIA VEGETAL
650 _aANÁLISE ORGANOLÉPTICA
650 _aCOR
650 _aTEXTURA
650 _aESPÍRITO SANTO
773 0 _tFloresta e Ambiente (Brazil)
_xISSN 1415-0980
_g(Jul-Sep 2012), v. 19(3) p. 352-361
_wBR2012007929
909 _a202311
_bLúcia
_c55
_dLúcia Elande
942 _2AGRIS
_n0
_cANA
999 _c223064
_d223064